000 00702nam a2200205Ia 4500
005 20241112091444.0
008 210716s1987 xx 000 0 und d
040 _cAIMIT LIBRARY
041 _aeng
082 _a005.134
_21
_bDUNN
100 _aDunlop, Neil.
_9184959
245 _aDbase iii plus :
_bthings the manual didnt tell you /
_cBy Neil Dunlop.
250 _a1st ed.
260 _aNew Delhi :
_bBPB Publications ;
_c1987.
300 _aii,199p. ;
_bPB
_c21 cm.
650 _aMechanics of creating modifying and accessing data base files
_9184960
650 _aTransaction processing
_9184961
650 _aInterfacing with other programs
_9184962
942 _2ddc
_cBK
_e1st ed.
_k005.134 DUNN
999 _c182733
_d182733